Statistieken voor Slowakije... of Slovenië?

Klik hier om de quiz te nemen!

Algemene statistieken

  • Deze quiz is 523 keer genomen
  • De gemiddelde score is 12 van 17

Antwoordstatistieken

VraagAntwoord% Correct
De hoofdstad is LjubljanaSlovenië
91%
Heeft een kustlijnSlovenië
91%
Grenst aan ItaliëSlovenië
91%
Bevat het geografische midden van EuropaSlowakije
87%
Zijn vlag heeft een rode, witte en blauwe streep en een embleemBeide
83%
Heeft gebied in de AlpenSlovenië
82%
Heeft gebied in de KarpatenSlowakije
80%
Is lid van de Europese UnieBeide
78%
Was ooit deel van JoegoslaviëSlovenië
78%
De hoofdstad ligt aan de DonauSlowakije
77%
Zijn hoofdstad ligt maar 55 kilometer van WenenSlowakije
71%
Is een Slavisch landBeide
63%
De op-een-na-grootste stad is KošiceSlowakije
61%
Melania Trump is hier geborenSlovenië
60%
Is onafhankelijk geworden in de jaren 1990Beide
52%
Meer dan 25% van het land is bosBeide
44%
Heeft een laag geboortecijfer ( < 1,8 geboren kinderen per vrouw )Beide
35%

Scoreverdeling

Percentiel versus Aantal Correcte Antwoorden

Procent van Mensen met Elke Score

Uw Scoregeschiedenis

U heeft deze quiz nog niet genomen